| 000 | 01492nam a2200325 a 4500 | ||
|---|---|---|---|
| 001 | ebr10674854 | ||
| 003 | CaPaEBR | ||
| 006 | m o u | ||
| 007 | cr cn||||||||| | ||
| 008 | 150303s2013 njuao sb 001 0 eng d | ||
| 020 | _z9780470597163 | ||
| 020 | _z9781118494424 (e-book) | ||
| 040 |
_aCaPaEBR _cCaPaEBR |
||
| 035 | _a(OCoLC)801996991 | ||
| 050 | 1 | 4 |
_aML74.3 _b.M87 2013eb |
| 082 | 0 | 4 |
_a780.285/674 _223 |
| 245 | 0 | 0 |
_aMusic navigation with symbols and layers _h[electronic resource] : _btoward content browsing with IEEE 1599 XML encoding / _cedited by Denis L. Baggi and Goffredo M. Haus. |
| 260 |
_aHoboken, N.J. : _bWiley ; _a[Washington, D.C.] : _bIEEE Computer Society, _cc2013. |
||
| 300 |
_a1 online resource (xvii, 187 p.) : _bill. (some col.), photographs. |
||
| 504 | _aIncludes bibliographical references and index. | ||
| 533 |
_aElectronic reproduction. _bPalo Alto, Calif. : _cebrary, _d2015. _nAvailable via World Wide Web. _nAccess may be limited to ebrary affiliated libraries. |
||
| 588 | _aDescription based on online resource; title from title page (ebrary, viewed May 8, 2013). | ||
| 650 | 0 |
_aInformation storage and retrieval systems _xMusic. |
|
| 650 | 0 | _aXML (Document markup language) | |
| 655 | 7 |
_aElectronic books. _2local |
|
| 700 | 1 | _aBaggi, Denis. | |
| 700 | 1 | _aHaus, Goffredo. | |
| 710 | 2 | _aebrary, Inc. | |
| 856 | 4 | 0 |
_uhttp://site.ebrary.com/lib/rucke/Doc?id=10674854 _zAn electronic book accessible through the World Wide Web; click to view |
| 999 |
_c57286 _d57286 |
||